Films avec Sylvie Testud par image - Statistiques

Statistiques générales
  • Ce quiz a été pris 12 fois
  • Le résultat moyen est 5 sur 16
Statistiques - réponses
Par images Réponse % Correct
Les Visiteurs : La Révolution
100%
La Môme
83%
Lucky Luke
83%
La Rafle
50%
Sagan
33%
Cocorico
25%
Karnaval
25%
Rendez-vous chez les Malawas
25%
Stupeur et Tremblements
25%
Les Blessures assassines
17%
Champagne !
8%
Convoi exceptionnel
8%
La Captive
8%
Louise Michel
8%
Lourdes
8%
Sous les jupes des filles
8%
Aucun quiz correspondant
Distribution des résultats
% des personnes avec chaque résultat
Percentile par nombre de réponses
Votre historique - résultats
Vous n’avez pas pris ce quiz